| 000 | 01094nab a22002297a 4500 | ||
|---|---|---|---|
| 999 |
_c6049 _d6049 |
||
| 003 | OSt | ||
| 005 | 20260120230922.0 | ||
| 008 | 190514b xxu||||| |||| 00| 0 spa d | ||
| 040 | _cPJ | ||
| 100 |
_96837 _aFernández Andreani, Patricia A. |
||
| 245 | 1 | 0 |
_aIntervención societaria de una sociedad no regular. Perspectiva de género / _cPatricia A. Fernández Andreani. |
| 300 | _ap. 8-12 | ||
| 500 | _aCita: TR LALEY AR/DOC/253/2024. | ||
| 505 | _aSumario: I. El caso.— II. Intervención. Interés que tutela.— III. Perspectiva de género.— IV. Conclusiones. | ||
| 505 | _tFallo comentado: JNCom. Nro. 14 ~ 29/05/2023 ~ B., A. I. y otro c. R, A, de A. R. F. y sucesoras de L. I. B. Sociedad de Hecho s/ medida precautoria. | ||
| 650 | 0 |
_9967 _aDERECHO DE FAMILIA |
|
| 650 | 0 |
_9646 _aSOCIEDADES COMERCIALES |
|
| 650 | 0 |
_94044 _aPERSPECTIVA DE GÉNERO |
|
| 650 | 0 |
_91057 _aJURISPRUDENCIA APLICABLE |
|
| 773 | 0 |
_02844 _93222 _dBuenos Aires : AbeledoPerrot, 1989- _tDerecho de familia. Revista Interdisciplinaria de doctrina y jurisprudencia. Abril 2024-II. _z18511201 |
|
| 942 |
_2udc _cANA |
||